Eri thoi aha dinbor (Record no. 3320)

MARC details
000 -LEADER
fixed length control field 00511cam a2200193ua 4500
008 - FIXED-LENGTH DATA ELEMENTS--GENERAL INFORMATION
fixed length control field 111116n ii |||gr||||Z||||||asm
040 ## - CATALOGING SOURCE
Transcribing agency MAIN
082 ## - DEWEY DECIMAL CLASSIFICATION NUMBER
Classification number 920
100 ## - MAIN ENTRY--PERSONAL NAME
Personal name Goswami, Indira,
Relator term
245 11 - TITLE STATEMENT
Title Eri thoi aha dinbor
Statement of responsibility, etc. by Indira Goswami
250 ## - EDITION STATEMENT
Edition statement 1st.
260 ## - PUBLICATION, DISTRIBUTION, ETC.
Place of publication, distribution, etc. Guwahati:
Name of publisher, distributor, etc. Lawyers Book stall,993.
300 ## - PHYSICAL DESCRIPTION
Extent 323p:
Dimensions 23cm.
700 ## - ADDED ENTRY--PERSONAL NAME
Personal name Khound, Malaya Baruah,
Relator term
942 ## - ADDED ENTRY ELEMENTS (KOHA)
Koha item type Books
653 ## - INDEX TERM--UNCONTROLLED
Uncontrolled term Autobiography
653 ## - INDEX TERM--UNCONTROLLED
Uncontrolled term Autobiography of Eri thoi aha dinbor
Holdings
Withdrawn status Lost status Damaged status Not for loan Home library Current library Shelving location Date acquired Total Checkouts Full call number Barcode Date last seen Copy number Price effective from Koha item type
        Central Library, Naharkatiya College Central Library, Naharkatiya College General Stacks 19/09/2020   920 | GOS 9591 19/09/2020 1 19/09/2020 Books

Naharkatiya College © 2020. All rights reserved.

Powered By